Автоматизация установки для измерения параметров цифровых быстродействующих камер; Физико-технические проблемы в науке, промышленности и медицине

Detalles Bibliográficos
Parent link:Физико-технические проблемы в науке, промышленности и медицине.— 2015.— [С. 328]
Autor principal: Оздиев А. Х. Али Хосенович
Autor Corporativo: Национальный исследовательский Томский политехнический университет
Otros Autores: Карпов Д. А. Дмитрий Андреевич
Sumario:Заглавие с титульного экрана
Lenguaje:ruso
Publicado: 2015
Colección:Информационные технологии, автоматизация и системы управления
Materias:
Acceso en línea:http://earchive.tpu.ru/handle/11683/17558
http://www.lib.tpu.ru/fulltext/c/2015/C49/298.pdf
Formato: MixedMaterials Electrónico Capítulo de libro
KOHA link:https://koha.lib.tpu.ru/cgi-bin/koha/opac-detail.pl?biblionumber=612899

MARC

LEADER 00000naa2a2200000 4500
001 612899
005 20260225153353.0
035 |a (RuTPU)RU\TPU\conf\11030 
035 |a RU\TPU\conf\11028 
090 |a 612899 
100 |a 20150630d2015 k y0rusy50 ca 
101 0 |a rus 
102 |a RU 
105 |a y z 101zy 
135 |a drgn ---uucaa 
181 0 |a i  
182 0 |a b 
200 1 |a Автоматизация установки для измерения параметров цифровых быстродействующих камер  |f А. Х. Оздиев, Д. А. Карпов 
203 |a Текст  |c электронный 
225 1 |a Информационные технологии, автоматизация и системы управления 
300 |a Заглавие с титульного экрана 
320 |a [Библиогр.: с. 328 (3 назв.)] 
337 |a Adobe Reader 
463 0 |0 (RuTPU)RU\TPU\conf\10637  |t Физико-технические проблемы в науке, промышленности и медицине  |o сборник тезисов докладов VII Международной научно-практической конференции, г. Томск, 3-6 июня 2015 г.  |f Национальный исследовательский Томский политехнический университет (ТПУ) ; под ред. А. Н. Дьяченко [и др.]  |v [С. 328]  |d 2015 
610 1 |a труды учёных ТПУ 
610 1 |a электронный ресурс 
610 1 |a автоматизация 
610 1 |a установки 
610 1 |a параметры 
610 1 |a цифровые камеры 
610 1 |a сенсоры 
700 1 |a Оздиев  |b А. Х.  |c физик  |c инженер-проектировщик Томского политехнического университета  |f 1990-  |g Али Хосенович  |3 (RuTPU)RU\TPU\pers\34930 
701 1 |a Карпов  |b Д. А.  |c инженер Томского политехнического университета  |c физик  |f 1989-  |g Дмитрий Андреевич  |3 (RuTPU)RU\TPU\pers\28209 
712 0 2 |a Национальный исследовательский Томский политехнический университет  |c (2009- )  |9 26305 
801 2 |a RU  |b 63413507  |c 20210210  |g RCR 
856 4 |u http://earchive.tpu.ru/handle/11683/17558 
856 4 |u http://www.lib.tpu.ru/fulltext/c/2015/C49/298.pdf 
942 |c BK